000 01010nas a2200289 4500
001 BR8200538
003 BR-BrBNA
005 20231205085010.0
007 ta
008 230509b bl.|||p| |||| 00| 00por d
040 _aBR-BrBNA
_bpor
_cBiblioteca Nacional de Agricultura
041 _a(En)
072 _aH10; L60
100 1 _aLinhares, A.X.
245 1 _aSynanthropy of calliphoridae and sarcophagidae (Diptera)in the city of Campinas, Sao Paulo, Brazil [Praga de planta; Taxonomia animal]
246 1 _aSynanthropy of calliphoridae and sarcophagidae (Diptera)in the city of Campinas, Sao Paulo, Brazil [Pest of plant; Animal taxonomy]
650 _aPraga de planta
650 _aTaxonomia animal
650 _aDiptera
650 _aBiologia
650 _aEntomologia
650 _aCampinas
650 _aSao Paulo
773 0 _tRevista Brasileira de Entomologia (Brazil)
_x
_g(Oct 1981), v. 25(3) p. 189-215
_wBR8200538
909 _a202311
_bLúcia
_c55
_dLúcia Elande
942 _2AGRIS
_n0
_cANA
999 _c108596
_d108596